| 000 | 01182nam0a22002771 4500 | ||
|---|---|---|---|
| 001 | rc\4781136 | ||
| 005 | 20250613082842.0 | ||
| 021 |
_aRU _b[68-23182] |
||
| 035 | _a(NLR Aleph) 009029293 | ||
| 090 |
_a9478657 _c9478657 |
||
| 100 | _a20130417d1968 |||y0rusy50 ca | ||
| 101 | 0 | _arus | |
| 102 | _aRU | ||
| 105 | _aa z ||||| | ||
| 200 | 1 |
_aНовые данные по сейсмологии Молдавии _e(Сборник статей по Карпат. зоне) _f[Отв. ред. канд. геол.-минерал. наук А.В. Друмя] _gАН Молд. ССР. Опорная сейсмич. станция "Кишинев" |
|
| 210 |
_aКишинев _cКартя молдовеняскэ _d1968 |
||
| 215 |
_a84 с. _cчерт. _d21 |
||
| 320 | _aБиблиогр. в конце статей | ||
| 606 |
_aСейсмические наблюдения _yМолдавская ССР _2psbo |
||
| 702 | 1 |
_aДрумя _bА.В. _gАнатолий Васильевич _4340 |
|
| 712 | 0 | 2 | _a"Кишинев", опорная сейсмич. станция |
| 801 | 0 |
_aRU _bNLR _gpsbo |
|
| 801 | 1 |
_aRU _bELAR _2rusmarc |
|
| 852 |
_aNLR _j68-6/4373 |
||
| 942 | _cBOOK | ||
| 980 | _aNB | ||